Entre la estabilidad y la crisis: el sistema político mexicano en la década de los ochentas

Na minha lista:
Detalhes bibliográficos
Autor principal: Molina, Edmundo Jacobo
Autor Corporativo: Universidad Autónoma Metropolitana. Departamento de Economá
Formato: Texto
Publicado em: México: UAM
Tags: Adicionar Tag
Sem tags, seja o primeiro a adicionar uma tag!

MARC

LEADER 00000 a a2200000 04500
001 21631
003
040
090 |a 096300  
100 |a Molina, Edmundo Jacobo  
110 |a Universidad Autónoma Metropolitana. Departamento de Economá  
245 |a Entre la estabilidad y la crisis: el sistema político mexicano en la década de los ochentas  
260 |a México:   |b UAM  
300 |a 27 p.  
999 |c 13043  |d 13043